[Event "2021 N.A. Class D Champ., S10014"]
[Site "CCLA"]
[Date "2021.04.23"]
[Round "?"]
[White "Williams, Rufus H."]
[Black "Sandora, John"]
[Result "1/2-1/2"]
[WhiteElo "1209"]
[BlackElo "1368"]

1. e4 e6 2. d4 d5 3. exd5 exd5 4. Nf3 Nf6 5. Bg5 Be7 6. Be2 Ne4 7. Bxe7 
Qxe7 8. Nc3 c6 9. O-O O-O 10. Re1 Nd7 11. Bd3 f5 12. a3 Qf7 13. Rf1 Ndf6 
14. h3 Nxc3 15. bxc3 Ne4 16. Bxe4 fxe4 17. Ne5 Qe7 18. Qh5 Rf5 19. Qe2 Bd7
20. Rab1 b5 21. Ra1 Qd6 22. Qe3 Raf8 23. Qg3 Qe7 24. a4 a6 25. a5 Rg5 26. 
Qe3 Be8 27. Qe2 Qe6 28. Kh2 Rgf5 29. Rab1 Qd6 30. Ra1 Qf6 31. Rab1 Rxf2 
32. Rxf2 Qxf2 33. Qxf2 Rxf2 34. Rc1 g6 35. Kg1 Rf6 36. Rd1 Kg7 37. Re1 Re6
38. Rf1 Re7 39. Re1 Rc7 40. Rf1 c5 41. Rd1 c4 42. Re1 Rb7 43. Rb1 Bd7 44. 
Kf2 Rc7 45. Ke2 Be8 46. Ke3 1/2-1/2

[Event "2021 N.A. Class D Champ., S10014"]
[Site "CCLA"]
[Date "2021.04.23"]
[Round "?"]
[White "Van Tuyl, Mark"]
[Black "Sandora, John"]
[Result "0-1"]
[WhiteElo "1234"]
[BlackElo "1368"]

1. e4 e6 2. Nf3 d5 3. Bd3 dxe4 4. Bxe4 Nf6 5. Bd3 Be7 6. O-O O-O 7. Ng5 h6
8. Ne4 Nbd7 9. Nxf6+ Nxf6 10. Nc3 c5 11. b3 b6 12. a4 Bb7 13. Ba3 a6 14. 
Ne4 Bxe4 15. Bxe4 Nxe4 16. f3 Nf6 17. Qe2 Qc7 18. Bb2 Nh7 19. Be5 Bd6 20. 
Bxd6 Qxd6 21. Rad1 Rfd8 22. c4 Qd4+ 23. Qf2 Qxf2+ 24. Rxf2 Rd3 25. Rb1 
Rad8 26. Rb2 a5 27. Kf1 Nf8 28. Ke1 Ng6 29. Re2 Nf4 30. Rf2 R3d4 31. Rc2 
Nd3+ 32. Ke2 Nxf2 33. Kxf2 Rxd2+ 34. Rxd2 Rxd2+ 35. Kg3 Rb2 0-1

[Event "2021 N.A. Class D Champ., S10014"]
[Site "CCLA"]
[Date "2021.04.23"]
[Round "?"]
[White "Hodgkins, Neil C."]
[Black "Sandora, John"]
[Result "0-1"]
[WhiteElo "1383"]
[BlackElo "1368"]

1. d4 d5 2. c4 e6 3. Nf3 Nf6 4. Nc3 c6 5. cxd5 exd5 6. Bg5 Be7 7. e3 Ne4 
8. Bxe7 Qxe7 9. Be2 O-O 10. O-O Nd7 11. Rc1 Nxc3 12. Rxc3 Nf6 13. Nd2 Be6 
14. h3 Ne4 15. Nxe4 dxe4 16. b3 Bd5 17. Bc4 Rfd8 18. Bxd5 Rxd5 19. Re1 f5 
20. Qc2 Rad8 21. Rc1 a6 22. Rc5 Rxc5 23. Qxc5 Qxc5 24. Rxc5 g6 25. g3 Kf7 
26. b4 Rd5 27. Rxd5 cxd5 28. h4 h5 29. Kg2 Ke6 30. Kf1 Kd6 31. Ke2 Kc6 32.
 a4 b5 33. a5 Kd6 34. f3 Ke6 35. fxe4 fxe4 36. Kf2 Kf5 37. Kg2 Kg4 38. Kh2
Kf3 39. Kh3 Kxe3 40. Kg2 Kd2 41. g4 e3 0-1

[Event "2021 N.A. Class D Champ., S10014"]
[Site "CCLA"]
[Date "2021.04.23"]
[Round "?"]
[White "Hodgkins, Neil C."]
[Black "Van Tuyl, Mark"]
[Result "1-0"]
[WhiteElo "1383"]
[BlackElo "1234"]

1. e4 e5 2. Nf3 d6 3. Bb5+ Bd7 4. Nc3 Bxb5 5. Nxb5 Nf6 6. d3 c6 7. Nc3 
Nbd7 8. Bg5 Qb6 9. Rb1 Be7 10. O-O O-O 11. h3 d5 12. exd5 cxd5 13. Re1 Bd6
14. Bxf6 Nxf6 15. Nxe5 Bxe5 16. Rxe5 Rae8 17. Rxe8 Rxe8 18. Qf3 d4 19. Ne2
h6 20. b3 Qc6 21. Nxd4 Qxf3 22. Nxf3 g5 23. Nd4 Nd5 24. a4 Nc3 25. Rf1 Rd8
26. Nb5 Nxb5 27. axb5 Rd5 28. Ra1 Rxb5 29. Rxa7 Kg7 30. Kf1 Kg6 31. g4 f5 
32. gxf5+ Rxf5 33. Rxb7 Kh5 34. b4 Rf3 35. Kg2 g4 36. hxg4+ Kxg4 37. Rg7+ 
1-0

[Event "2021 N.A. Class D Champ., S10014"]
[Site "CCLA"]
[Date "2021.04.23"]
[Round "?"]
[White "Williams, Rufus H."]
[Black "Hodgkins, Neil C."]
[Result "0-1"]
[WhiteElo "1209"]
[BlackElo "1383"]

1. d4 Nf6 2. c4 e6 3. Nc3 d5 4. cxd5 exd5 5. Bg5 Be7 6. Qc2 O-O 7. e3 Be6 
8. Bd3 g6 9. Bh6 Re8 10. Nf3 Ng4 11. Bf4 Nc6 12. a3 Bd6 13. O-O-O Bxf4 14.
 exf4 Ne7 15. h3 Nf6 16. g4 Qd6 17. Ne5 Nd7 18. Qe2 Nxe5 19. fxe5 Qb6 20. 
Bc2 c5 21. dxc5 Qxc5 22. g5 Nf5 23. h4 Nd4 24. Qd3 Nxc2 25. Qxc2 Rad8 26. 
h5 Bf5 27. Qe2 d4 28. Qd2 Rxe5 29. hxg6 fxg6 30. Rhg1 Red5 0-1

[Event "2021 N.A. Class D Champ., S10014"]
[Site "CCLA"]
[Date "2021.04.23"]
[Round "?"]
[White "Williams, Rufus H."]
[Black "Van Tuyl, Mark"]
[Result "1-0"]
[WhiteElo "1209"]
[BlackElo "1234"]

1. d4 d5 2. Nf3 e6 3. e3 c6 4. Nc3 Nf6 5. Bd3 Bd6 6. h3 b5 7. a3 Na6 8. 
O-O O-O 9. Re1 Bd7 10. e4 dxe4 11. Nxe4 Nxe4 12. Bxe4 g6 13. Bh6 Re8 14. 
Ng5 f5 15. Qf3 fxe4 16. Qf7+ Kh8 17. Qg7# 1-0

[Event "2021 N.A. Class D Champ., S10014"]
[Site "CCLA"]
[Date "2021.04.23"]
[Round "?"]
[White "Van Tuyl, Mark"]
[Black "Hodgkins, Neil C."]
[Result "1/2-1/2"]
[WhiteElo "1234"]
[BlackElo "1383"]

1. e4 e5 2. Nf3 Nc6 3. Bc4 h6 4. O-O Bc5 5. Nc3 Nf6 6. d3 d6 7. Nd5 Nxd5 
8. Bxd5 Bd7 9. h3 Qe7 10. c3 O-O-O 11. d4 exd4 12. cxd4 Bb6 13. Bxc6 Bxc6 
14. Re1 Bxe4 15. Nd2 d5 16. Nxe4 dxe4 17. Qg4+ Kb8 18. Rxe4 Qf6 19. Be3 g5
20. b4 Rd5 21. a4 a6 22. a5 Ba7 23. Rd1 Rhd8 24. h4 Qg6 25. Re5 Rxe5 26. 
dxe5 Rxd1+ 27. Qxd1 Bxe3 28. Qd8+ Ka7 29. fxe3 c6 30. Qb6+ Kb8 31. Qd8+ 
Ka7 32. Qb6+ Kb8 1/2-1/2

[Event "2021 N.A. Class D Champ., S10014"]
[Site "CCLA"]
[Date "2021.04.23"]
[Round "?"]
[White "Van Tuyl, Mark"]
[Black "Williams, Rufus H."]
[Result "0-1"]
[WhiteElo "1234"]
[BlackElo "1209"]

1. e4 e5 2. Nf3 d6 3. Nc3 Nf6 4. d4 exd4 5. Nxd4 c5 6. Nf3 a6 7. Bd3 Be7 
8. O-O O-O 9. Nd5 Nxd5 10. exd5 b5 11. c4 bxc4 12. Bxc4 Bf6 13. Rb1 Bf5 
14. Bd3 Bxd3 15. Qxd3 Re8 16. Bg5 Bxg5 17. Nxg5 Qxg5 18. Rbe1 Rxe1 19. 
Rxe1 Nd7 20. Qe2 Kf8 21. g3 Ne5 22. h4 Qe7 23. Rd1 Qf6 24. f4 Nd7 25. Qg4 
Rd8 26. Rd2 Nb6 27. Qg5 Qxg5 28. hxg5 Re8 29. Kf2 Nc4 30. Rc2 Nb6 31. Rd2 
g6 32. b3 a5 33. g4 Re7 34. f5 gxf5 35. gxf5 Re5 36. Kg3 Rxf5 37. Kg4 Rxd5
38. Rxd5 Nxd5 39. Kf5 Ke7 40. a4 f6 41. gxf6+ Nxf6 0-1

[Event "2021 N.A. Class D Champ., S10014"]
[Site "CCLA"]
[Date "2021.04.23"]
[Round "?"]
[White "Hodgkins, Neil C."]
[Black "Williams, Rufus H."]
[Result "1-0"]
[WhiteElo "1383"]
[BlackElo "1209"]

1. d4 Nf6 2. c4 g6 3. Nf3 d5 4. Nc3 Bg7 5. e3 dxc4 6. Bxc4 O-O 7. Bd2 e6 
8. O-O c6 9. Re1 Re8 10. b4 a6 11. a4 a5 12. Ne2 axb4 13. Bxb4 b6 14. Nc3 
Ba6 15. Bxa6 Nxa6 16. Qb3 Nxb4 17. Qxb4 Qc7 18. Ne5 Nd5 19. Nxd5 exd5 20. 
f4 Bf8 21. Qb2 f6 22. Ng4 Qb8 23. Nxf6+ Kg7 24. Nxe8+ Qxe8 25. Qxb6 Qc8 
26. Qb2 Be7 27. h3 Bh4 28. Rec1 Qc7 29. Qb4 Be7 30. Qc3 Bd6 31. g3 Qc8 32.
 Qxc6 Qxc6 33. Rxc6 Bb4 34. Rc7+ Kh8 35. Rd7 Kg8 36. Rxd5 Kg7 37. a5 1-0

[Event "USA/S10015 (USA)"]
[Site "CCLA"]
[Date "2022.02.07"]
[Round "?"]
[White "Bapple, Edward C."]
[Black "Stewart, Douglas"]
[Result "1/2-1/2"]
[WhiteElo "1990"]
[BlackElo "2010"]

1. e4 c5 2. Nc3 e6 3. f4 d5 4. Nf3 dxe4 5. Bb5+ Bd7 6. Bxd7+ Qxd7 7. Nxe4 
Nc6 8. d3 Be7 9. O-O Nf6 10. Be3 b6 11. Ne5 Qc7 12. Qf3 Rc8 13. Nxc6 Qxc6 
14. Nd2 Qxf3 15. Rxf3 Nd5 16. c3 Bd6 17. Nc4 Bc7 18. Re1 O-O 19. g3 h6 20.
 Bf2 Ne7 21. Na3 Rcd8 22. Nc2 Rd7 23. d4 cxd4 24. Nxd4 Rfd8 25. Rd3 Nf5 
26. Re4 Nxd4 27. Rexd4 Rxd4 28. Rxd4 Rxd4 29. Bxd4 f6 30. Kf2 Kf7 31. Kf3 
e5 32. fxe5 fxe5 33. Be3 Ke6 34. Ke4 a5 35. a4 h5 36. h4 g6 37. b4 Bd8 38.
 bxa5 bxa5 39. c4 Kd6 40. c5+ Kc6 41. Bg5 Bc7 42. Be7 Kd7 43. Bf6 Ke6 44. 
Bg5 Kd7 45. Bd2 Kc6 46. Bxa5 Bxa5 47. Kxe5 Bc7+ 48. Kf6 Bxg3 49. Kxg6 Bxh4
50. Kxh5 Kxc5 51. Kxh4 Kb4 52. a5 Kxa5 1/2-1/2

[Event "USA/S10015 (USA)"]
[Site "CCLA"]
[Date "2022.02.07"]
[Round "?"]
[White "Stewart, Douglas"]
[Black "Bapple, Edward C."]
[Result "1/2-1/2"]
[WhiteElo "2010"]
[BlackElo "1990"]

1. e4 c5 2. Nf3 g6 3. c3 Bg7 4. d4 cxd4 5. cxd4 d5 6. e5 Bg4 7. Be2 Nc6 8.
 Nbd2 e6 9. O-O Nge7 10. h3 Bxf3 11. Nxf3 O-O 12. b3 Rc8 13. Bb2 a6 14. 
Qd2 Nf5 15. Rfd1 Bh6 16. Qe1 b5 17. a4 bxa4 18. Bxa6 Rb8 19. Qc3 Rxb3 20. 
Qxc6 Rxb2 21. Qxa4 Qb6 22. Bf1 Ne7 23. Ra2 Rxa2 24. Qxa2 Rb8 25. g4 Nc6 
26. Kg2 Qb4 27. Qa6 Qb7 28. g5 Qxa6 29. Bxa6 Bf8 30. Rc1 Rb6 31. Bb5 Na5 
32. Rb1 h5 33. gxh6 Bxh6 34. Kf1 Nc4 35. Rb3 Nd2+ 36. Nxd2 Bxd2 37. Ke2 
Bh6 38. Kd3 Bg7 39. Ba4 Rxb3+ 1/2-1/2

[Event "USA/S10016 (USA)"]
[Site "CCLA"]
[Date "2021.11.29"]
[Round "?"]
[White "Strelecky, Rich"]
[Black "Smith, Jason A."]
[Result "1/2-1/2"]
[WhiteElo "1811"]
[BlackElo "1742"]

1. g3 g6 2. Bg2 Bg7 3. Nf3 Nf6 4. O-O O-O 5. d4 d6 6. c4 Ne4 7. Nh4 f5 8. 
d5 Nd7 9. Qc2 Ndc5 10. Nd2 Nxd2 11. Bxd2 Bd7 12. Bc3 c6 13. Bxg7 Kxg7 14. 
b4 Na6 15. dxc6 Bxc6 16. Qc3+ Kg8 17. b5 Bxg2 18. Nxg2 Nc5 19. Nf4 e5 20. 
Nd3 Ne4 21. Qc2 Qg5 22. c5 h5 23. cxd6 h4 24. Qc4+ Kg7 25. Nxe5 hxg3 26. 
Qc7+ Kg8 27. Qc4+ Kg7 28. Qc7+ Kh6 29. hxg3 Nxg3 30. fxg3 Qxg3+ 31. Kh1 
Qxe5 32. Qxb7 Qxd6 33. Rf3 Rh8 34. Rg1 g5 35. Qf7 g4 36. Rxf5 Qg6 37. Kg2 
Qxf7 38. Rxf7 Rhe8 39. Kf2 Rf8 40. Rh1+ Kg6 41. Rxf8 Rxf8+ 42. Kg3 Re8 43.
 Rh4 Rxe2 44. Rxg4+ Kf5 45. Rf4+ Ke5 46. Ra4 Rb2 47. Ra5 Kd4 48. a4 Kc5 
49. Rxa7 Kb6 50. Ra6+ Kb7 51. Kf4 Re2 52. a5 Rb2 53. Rb6+ Ka7 54. Ke3 Ra2 
55. Ra6+ Kb7 56. Kd4 Rb2 57. Rb6+ Ka7 1/2-1/2

[Event "USA/S10016 (USA)"]
[Site "CCLA"]
[Date "2021.11.29"]
[Round "?"]
[White "Strelecky, Rich"]
[Black "Avery, Bryce"]
[Result "1-0"]
[WhiteElo "1811"]
[BlackElo "1791"]

1. e4 e5 2. Nc3 Nf6 3. Nf3 Bc5 4. Bc4 h6 5. Nxe5 O-O 6. Bxf7+ Rxf7 7. Nxf7
Kxf7 8. e5 Qe7 9. d4 Bb4 10. O-O Ne8 11. Nd5 Qf8 12. Qh5+ g6 13. Qxh6 Qxh6
14. Bxh6 Bf8 15. Bxf8 Kxf8 16. Rfd1 c6 17. Nf4 Kg7 18. Rd3 d5 19. e6 g5 
20. Rg3 Kh6 21. Nh3 Bxe6 22. Nxg5 Bd7 23. f4 Na6 24. Nf7+ Kh7 25. Re1 Bf5 
26. Re7 Ng7 27. Nd6 Bg6 28. f5 1-0

[Event "USA/S10016 (USA)"]
[Site "CCLA"]
[Date "2021.11.29"]
[Round "?"]
[White "Smith, Jason A."]
[Black "Strelecky, Rich"]
[Result "1/2-1/2"]
[WhiteElo "1741"]
[BlackElo "1811"]

1. Nf3 e6 2. c4 Nf6 3. d4 b6 4. Nc3 Bb7 5. Bg5 Bb4 6. e3 h6 7. Bh4 O-O 8. 
Bd3 Bxc3+ 9. bxc3 Re8 10. O-O d6 11. Nd2 Nbd7 12. Ne4 e5 13. d5 Kh8 14. f4
exf4 15. Rxf4 g5 16. Nxf6 Nxf6 17. Bxg5 hxg5 18. Rf5 Rxe3 19. Qf1 Nh5 20. 
Rxf7 Nf4 21. g3 Rxd3 22. Re1 Qg8 23. Ree7 Qg6 24. Qe1 Bxd5 25. cxd5 Rxd5 
26. c4 Re5 27. Rxe5 Nh3+ 28. Kg2 Qxf7 29. Re7 Qf2+ 30. Qxf2 Nxf2 31. Kxf2 
Rf8+ 32. Ke3 Rc8 33. Kd4 Kg8 34. Kd5 Kf8 35. Rd7 a6 36. Kc6 b5 37. cxb5 
axb5 38. Kxb5 Rb8+ 39. Kc4 Rb2 40. a4 Rxh2 41. a5 Rc2+ 42. Kb5 Rc5+ 43. 
Kb4 Rc6 44. Kb5 Rc5+ 45. Ka6 Ke8 46. Rg7 Kd8 47. g4 Kc8 48. Rg8+ Kd7 49. 
Rf8 Rc4 50. Kb5 Rc5+ 51. Kb4 Re5 52. a6 Re4+ 53. Kb5 Re5+ 54. Kb4 Re4+ 55.
 Ka5 Re2 56. Rf5 Kc6 57. Rxg5 Ra2+ 58. Kb4 Rxa6 59. Rf5 1/2-1/2

[Event "USA/S10016 (USA)"]
[Site "CCLA"]
[Date "2021.11.29"]
[Round "?"]
[White "Smith, Jason A."]
[Black "Avery, Bryce"]
[Result "1/2-1/2"]
[WhiteElo "1742"]
[BlackElo "1791"]

1. Nf3 Nf6 2. d4 d5 3. Bf4 c5 4. e3 Qb6 5. Nc3 Bd7 6. Rb1 e6 7. Be2 Be7 8.
 O-O O-O 9. Ne5 cxd4 10. exd4 Nc6 11. Bg5 Rfd8 12. Bd3 g6 13. Qf3 Qxd4 14.
 Nxc6 Bxc6 15. Rfe1 Re8 16. Rbd1 Qg4 17. Qxg4 Nxg4 18. Bxe7 Rxe7 19. f3 
Nf6 20. g4 Rd8 21. g5 Nh5 22. Kf2 Nf4 23. h4 e5 24. b4 a6 25. a4 Nxd3+ 26.
 Rxd3 d4 27. b5 axb5 28. axb5 Be8 29. f4 Rc7 30. Ne4 Rxc2+ 31. Kg3 exf4+ 
32. Kxf4 Bxb5 33. Rb3 Bc6 34. Nf6+ Kg7 35. Rd3 Rc3 36. Red1 Rxd3 37. Rxd3 
Bb5 38. Rd2 d3 39. Ne4 Bc6 40. Nc5 Rd4+ 41. Kg3 b5 42. Nb3 Rd6 43. Kf4 f5 
44. gxf6+ Kxf6 45. Kg4 b4 46. Kf4 Ba4 47. Nc5 Bc2 48. Ne4+ Ke6 49. Nxd6 
Kxd6 50. Ke3 Ke5 51. Rg2 h6 52. Rg4 b3 53. Rb4 g5 54. hxg5 hxg5 55. Kd2 g4
56. Kc3 Kf5 57. Rb8 g3 58. Rg8 Kf4 59. Rf8+ Ke3 60. Rg8 Kf2 61. Rf8+ Ke2 
62. Rg8 Kd1 63. Rxg3 Kc1 64. Rg1+ Bd1 65. Rg2 Bc2 1/2-1/2

[Event "USA/S10016 (USA)"]
[Site "CCLA"]
[Date "2021.11.29"]
[Round "?"]
[White "Avery, Bryce"]
[Black "Strelecky, Rich"]
[Result "1-0"]
[WhiteElo "1791"]
[BlackElo "1811"]

1. d4 Nf6 2. c4 e6 3. Nc3 d5 4. Bg5 Be7 5. e3 O-O 6. Nf3 Nbd7 7. Rc1 c6 8.
 Qc2 Re8 9. Bd3 dxc4 10. Bxc4 b5 11. Bd3 b4 12. Ne4 Nxe4 13. Bxe7 Rxe7 14.
 Bxe4 Nf6 15. Bxc6 Bb7 16. Bxb7 Rxb7 17. O-O Rbb8 18. Ne5 Rb5 19. Qc7 Qe8 
20. Rfd1 Rbb8 21. Qa5 Nd5 22. e4 Rb5 23. Qa6 Rb6 24. Qc4 Nf4 25. g3 Nh3+ 
26. Kg2 Ng5 27. f3 a5 28. h4 f6 29. hxg5 fxe5 30. d5 Qe7 31. Qc7 Qxc7 32. 
Rxc7 Rd6 33. Rc6 Rad8 34. Rxd6 Rxd6 35. f4 exf4 36. gxf4 g6 37. Kf3 Kg7 
38. e5 Rxd5 39. Rxd5 exd5 40. Ke3 Kf7 41. Kd4 Ke6 42. b3 Ke7 43. Kxd5 Kd7 
44. e6+ Ke7 45. Ke5 Ke8 46. Kf6 Kf8 47. e7+ Ke8 48. Ke6 a4 49. bxa4 b3 50.
 axb3 h6 51. gxh6 g5 52. h7 1-0

[Event "USA/S10016 (USA)"]
[Site "CCLA"]
[Date "2021.11.29"]
[Round "?"]
[White "Avery, Bryce"]
[Black "Smith, Jason A."]
[Result "0-1"]
[WhiteElo "1791"]
[BlackElo "1742"]

1. d4 g6 2. e4 Bg7 3. h4 h5 4. Nc3 d6 5. Bc4 Nf6 6. Bg5 O-O 7. f3 Nc6 8. 
Nge2 Na5 9. Bd3 c5 10. dxc5 dxc5 11. Nf4 Nh7 12. Qd2 Nxg5 13. hxg5 e6 14. 
Nh3 a6 15. g4 c4 16. Be2 Qxd2+ 17. Kxd2 hxg4 18. fxg4 Rd8+ 19. Ke1 b5 20. 
Rd1 Bb7 21. Bf3 Nc6 22. Nf2 Nd4 23. Bg2 Nxc2+ 24. Ke2 Nb4 25. a3 Nc2 26. 
Rxd8+ Rxd8 27. Rc1 Nd4+ 28. Ke1 Be5 29. Nh3 Bg3+ 30. Kf1 Nb3 31. Rd1 Rxd1+
32. Nxd1 Nd2+ 33. Ke2 Nxe4 34. Ke3 Nc5 35. Bxb7 Nxb7 36. Kd4 Kg7 37. a4 f5
38. gxf6+ Kxf6 39. axb5 axb5 40. Nhf2 Kg5 41. Kc3 Nc5 42. Kb4 Nd3+ 43. 
Nxd3 cxd3 44. Kxb5 Kxg4 45. Kc4 d2 46. b4 Kf3 47. b5 Ke2 48. b6 Kxd1 0-1

[Event "2021 N.A. Class "C" Finals, S10017"]
[Site "CCLA"]
[Date "2021.12.23"]
[Round "?"]
[White "Anderson II, Dale"]
[Black "Ishler, Mark P."]
[Result "0-1"]
[WhiteElo "1495"]
[BlackElo "1661"]

1. e4 c5 2. Nf3 d6 3. d4 cxd4 4. Nxd4 Nf6 5. Nc3 a6 6. Be2 e5 7. Nb3 Be7 
8. O-O O-O 9. Qd3 Be6 10. Bd2 Nbd7 11. Nd5 Bxd5 12. exd5 Rc8 13. c4 e4 14.
 Qg3 Ne5 15. Bh6 Ng6 16. Be3 Re8 17. a4 Ne5 18. Nd2 Qd7 19. h3 Qf5 20. b3 
Nfd7 21. Bg4 Nxg4 22. Qxg4 Qxg4 23. hxg4 Bf6 24. Rac1 Bb2 25. Rc2 Ba3 26. 
Bd4 Bc5 27. Bxc5 Nxc5 28. Re1 Rc7 29. Rc3 Kf8 30. Rce3 Rce7 31. f3 exf3 
32. Rxe7 f2+ 33. Kxf2 Rxe7 34. Rxe7 Kxe7 35. Ke3 Kf6 36. Ne4+ Nxe4 37. 
Kxe4 a5 38. Kd4 b6 39. Kc3 Ke5 40. b4 g5 41. bxa5 bxa5 42. Kd3 h6 43. g3 
f6 44. Kc3 Ke4 45. c5 Kxd5 46. cxd6 Kxd6 47. Kc4 Kc6 48. Kd4 Kd6 0-1

[Event "2021 N.A. Class "C" Finals, S10017"]
[Site "CCLA"]
[Date "2021.12.23"]
[Round "?"]
[White "Ishler, Mark P."]
[Black "Anderson II, Dale"]
[Result "1-0"]
[WhiteElo "1661"]
[BlackElo "1495"]

1. e4 c6 2. d4 d5 3. exd5 cxd5 4. Bd3 Nc6 5. c3 Qc7 6. h3 Nf6 7. Nf3 g6 8.
 O-O Bf5 9. Bxf5 gxf5 10. Qd3 e6 11. Nbd2 Ne4 12. Qe2 Be7 13. Nxe4 dxe4 
14. Nd2 Bd6 15. Nc4 Bh2+ 16. Kh1 O-O-O 17. Bg5 Rdf8 18. Qe3 f6 19. Bh4 Bf4
20. Qe2 Rhg8 21. f3 Rg6 22. fxe4 Bg3 23. exf5 Rh6 24. Qxe6+ Kb8 25. Bxg3 
Qxg3 26. Qd6+ 1-0

[Event "Spring Server Series, S10018"]
[Site "CCLA"]
[Date "2021.05.22"]
[Round "?"]
[White "Shannon, Paul D."]
[Black "Evans, Stanley W."]
[Result "1-0"]
[WhiteElo "2136"]
[BlackElo "1979"]

1. f4 f5 2. Nf3 Nf6 3. b3 d6 4. Bb2 e6 5. e3 Be7 6. Be2 c5 7. O-O Nc6 8. 
c4 O-O 9. d4 d5 10. Nc3 Ne4 11. Nxe4 fxe4 12. Ne5 cxd4 13. Nxc6 bxc6 14. 
Bxd4 Bf6 15. Rc1 Bxd4 16. Qxd4 Qe7 17. cxd5 cxd5 18. b4 Rb8 19. b5 a6 20. 
bxa6 Ra8 21. Rc6 Bd7 22. Rc7 Rfc8 23. Rb7 Qd6 24. Rfb1 Rc2 25. Bb5 Rc7 
26. Rxc7 Qxc7 27. Bxd7 Qxd7 28. Rb7 1-0

[Event "Spring Server Series, S10018"]
[Site "CCLA"]
[Date "2021.05.22"]
[Round "?"]
[White "Evans, Stanley W."]
[Black "Shannon, Paul D."]
[Result "0-1"]
[WhiteElo "1979"]
[BlackElo "2136"]

1. e4 Nf6 2. Nc3 d5 3. e5 Ne4 4. Nce2 d4 5. Nf3 Nc6 6. c3 dxc3 7. bxc3 Nc5
8. d4 Nd7 9. Ng3 e6 10. Be2 Be7 11. Ne4 O-O 12. O-O h6 13. Be3 b6 14. Qd2 
f5 15. exf6 Nxf6 16. Nxf6+ Bxf6 17. Bd3 Bb7 18. Qc2 Ne7 19. Nd2 Qd7 20. 
Rab1 Rad8 21. Nc4 Qd5 22. f3 Qd7 23. Rbd1 Bc6 24. Qd2 Nd5 25. Bf2 Ba4 26. 
Rde1 Bg5 27. Ne3 c5 28. h4 Nxe3 29. Bxe3 Bxh4 30. Rc1 cxd4 31. cxd4 Bf6 
32. Bc4 b5 33. Bb3 Bxb3 34. axb3 Bxd4 35. Rfe1 e5 36. Qf2 a5 37. Rcd1 Qd5 
38. Bxd4 exd4 39. Rd3 a4 40. bxa4 bxa4 41. Re4 Qxe4 42. fxe4 Rxf2 43. Kxf2
Kf7 44. Ra3 Ra8 45. Ke2 Ke6 46. Kf3 Ke5 47. g3 g5 48. Ra2 a3 0-1

[Event "Spring Server Series, S10018"]
[Site "CCLA"]
[Date "2021.05.22"]
[Round "?"]
[White "Shannon, Paul D."]
[Black "Clancey, James"]
[Result "1-0"]
[WhiteElo "2136"]
[BlackElo "1805"]

1. b3 Nc6 2. Bb2 e5 3. c4 Nf6 4. e3 d5 5. cxd5 Nxd5 6. a3 Bd6 7. Qc2 O-O 
8. Nf3 Qe7 9. Bd3 Kh8 10. Be4 Be6 11. Nc3 Nf6 12. Bxc6 bxc6 13. O-O Rab8 
14. b4 {Black forfeits} 1-0

[Event "Spring Server Series, S10018"]
[Site "CCLA"]
[Date "2021.05.22"]
[Round "?"]
[White "Clancey, James"]
[Black "Shannon, Paul D."]
[Result "0-1"]
[WhiteElo "1805"]
[BlackElo "2136"]

1. d4 e5 2. e4 exd4 3. c3 d5 4. exd5 Qxd5 5. cxd4 Nf6 6. Nf3 Bb4+ 7. Nc3 O-O 
8. Bd2 Bxc3 9. bxc3 Bg4 10. Be2 Re8 11. O-O Nbd7 12. Be3 Rad8 {White forfeits} 0-1

[Event "Spring Server Series, S10519"]
[Site "CCLA"]
[Date "2021.05.22"]
[Round "?"]
[White "Neumann, Elijah"]
[Black "Zarges, Ron V."]
[Result "1-0"]
[WhiteElo "1845"]
[BlackElo "1793"]

1. d4 Nf6 2. c4 e6 3. Nc3 Bb4 4. e3 Bxc3+ 5. bxc3 c5 6. Bd3 Nc6 7. Nf3 d6 
8. O-O e5 9. Nd2 Qe7 10. d5 e4 11. Nxe4 Nxe4 12. dxc6 bxc6 13. Bxe4 Qxe4 
14. Qxd6 Qe6 15. Qxc5 Bd7 16. Ba3 f6 17. Rab1 Kf7 18. Rb7 Rhd8 19. Rd1 Kg6
20. h4 Qg4 21. Rd4 Qe2 22. Rdxd7 Qe1+ 23. Kh2 Rxd7 24. Rxd7 Qxf2 25. Qd4 
1-0

[Event "Spring Server Series, S10519"]
[Site "CCLA"]
[Date "2021.05.22"]
[Round "?"]
[White "Neumann, Elijah"]
[Black "Smith, Jason A."]
[Result "1-0"]
[WhiteElo "1845"]
[BlackElo "1780"]

1. d4 f5 2. Nc3 Nf6 3. Bf4 d6 4. e3 g6 5. Nf3 Bg7 6. Bc4 d5 7. Bd3 O-O 8. 
Nb5 Na6 9. c4 c6 10. Nc3 Nc7 11. Rc1 Bd7 12. Bxc7 Qxc7 13. cxd5 c5 14. O-O
Rac8 15. Na4 Bxa4 16. Qxa4 Qb6 17. Qc4 cxd4 18. Qxc8 Rxc8 19. Rxc8+ Bf8 
20. Nxd4 Nxd5 21. Bc4 e6 22. Rd1 Kf7 23. Nxe6 Kxe6 24. Bxd5+ Ke7 25. Rb8 
Qc5 26. Rxb7+ Kf6 27. b4 Qc2 28. Bb3 Qc8 29. Rf7+ Ke5 30. Rd5+ Ke4 31. 
Rd4+ Ke5 32. f4# 1-0

[Event "Spring Server Series, S10519"]
[Site "CCLA"]
[Date "2021.05.22"]
[Round "?"]
[White "Neumann, Elijah"]
[Black "Catania, Duane"]
[Result "1-0"]
[WhiteElo "1845"]
[BlackElo "1630"]

1. d4 e6 2. c4 b6 3. a3 Bb7 4. Nc3 f5 5. d5 e5 6. e4 Nf6 7. exf5 Bd6 8. g4
O-O 9. g5 Ne8 10. Bd3 Bc5 11. Nge2 c6 12. Ng3 cxd5 13. cxd5 d6 14. Qh5 Nd7
15. Be3 Nef6 16. gxf6 Nxf6 17. Qh4 Qc7 18. Nge4 Nxd5 19. Nxd5 Bxd5 20. Rg1
Bxe4 21. Bxe4 Bxe3 22. fxe3 Qc5 23. Qh6 1-0

[Event "Spring Server Series, S10519"]
[Site "CCLA"]
[Date "2021.05.22"]
[Round "?"]
[White "Zarges, Ron V."]
[Black "Neumann, Elijah"]
[Result "1/2-1/2"]
[WhiteElo "1793"]
[BlackElo "1845"]

1. e4 e5 2. Nf3 Nc6 3. Bb5 a6 4. Ba4 Nf6 5. O-O Be7 6. Re1 b5 7. Bb3 d6 8.
 a4 Bg4 9. c3 O-O 10. h3 Bxf3 11. Qxf3 Na5 12. Bc2 c5 13. d3 b4 14. Nd2 
Rb8 15. Nf1 Nd7 16. Ne3 Bg5 17. Nd5 Bxc1 18. Rexc1 Nb6 19. Nxb6 Rxb6 20. 
d4 cxd4 21. cxd4 Nc6 22. dxe5 dxe5 23. Bd1 Nd4 24. Qg3 Qe7 25. b3 Rg6 26. 
Qe3 a5 27. Rc4 Rc6 28. Rac1 Rxc4 29. Rxc4 Qd6 30. Be2 h6 31. Rc1 Rd8 32. 
Bc4 Rd7 33. Bd5 1/2-1/2

[Event "Spring Server Series, S10519"]
[Site "CCLA"]
[Date "2021.05.22"]
[Round "?"]
[White "Zarges, Ron V."]
[Black "Smith, Jason A."]
[Result "1/2-1/2"]
[WhiteElo "1793"]
[BlackElo "1780"]

1. e4 c5 2. Nf3 Nc6 3. d4 cxd4 4. Nxd4 Nf6 5. Nc3 d6 6. Bg5 e6 7. Qd2 a6 
8. O-O-O Qb6 9. Nb3 Be7 10. f3 O-O 11. g4 Qc7 12. Be3 b5 13. g5 Nd7 14. f4
Bb7 15. Bd3 Nb4 16. Kb1 Nxd3 17. cxd3 Nc5 18. Nxc5 dxc5 19. Qg2 b4 20. Ne2
c4 21. Rc1 c3 22. bxc3 bxc3 23. Rxc3 Qa5 24. Rb3 Rab8 25. Rc1 Ba8 26. Rxb8
Rxb8+ 27. Ka1 Qb5 28. Nc3 Qxd3 29. Ba7 Ba3 30. Rc2 Rd8 31. Nb1 Bxe4 32. 
Qd2 Qxc2 33. Qxd8+ Bf8 34. Qb8 Bd5 35. Qb2 Qxb2+ 36. Kxb2 Bd6 37. Be3 e5 
38. f5 Be4 39. f6 gxf6 40. gxf6 h5 41. Nc3 Bc6 42. Bg5 Kh7 43. Kc2 Kg6 44.
 Bh4 e4 45. h3 Be5 46. Kd2 Bxf6 47. Bf2 Bg5+ 48. Ke2 f5 49. h4 Bf6 50. Nd1
f4 51. Be1 f3+ 52. Ke3 Kf5 53. Nc3 Kg4 54. Nxe4 Bxe4 55. Kxe4 Bxh4 56. 
Bxh4 Kxh4 57. Kxf3 Kg5 58. Kg3 a5 59. a4 Kf5 60. Kh4 Ke4 61. Kxh5 Kd4 62. 
Kg4 Kc4 63. Kf3 Kb4 64. Ke2 Kxa4 65. Kd1 Ka3 66. Kc1 a4 67. Kb1 1/2-1/2

[Event "Spring Server Series, S10519"]
[Site "CCLA"]
[Date "2021.05.22"]
[Round "?"]
[White "Zarges, Ron V."]
[Black "Catania, Duane"]
[Result "1-0"]
[WhiteElo "1793"]
[BlackElo "1630"]

1. e4 e6 2. d4 d5 3. Nd2 Nf6 4. e5 Ne4 5. Nxe4 dxe4 6. Bc4 a6 7. Ne2 b5 8.
 Bb3 Bb7 9. O-O Nd7 10. c3 c5 11. Ng3 Qh4 12. Re1 cxd4 13. cxd4 Rd8 14. 
Qh5 Qxh5 15. Nxh5 Nb6 16. Rd1 Rc8 17. Bf4 Be7 18. Nxg7+ Kd8 19. Nh5 Nd5 
20. Be3 Rg8 21. Bxd5 Bxd5 22. Nf4 Kd7 23. Nxd5 exd5 24. Rac1 Rxc1 25. Rxc1
Rc8 26. Rxc8 Kxc8 27. f4 Kd7 28. f5 Bf8 29. g4 a5 30. g5 Be7 31. h4 Bf8 
32. h5 Ke7 33. Kf2 Kd7 34. e6+ fxe6 35. f6 Ke8 36. g6 hxg6 37. hxg6 Bd6 
38. f7+ Kf8 39. Bh6+ 1-0